[Event "Marienbad IM-III 2022"]
[Site "Marianske Lazne"]
[Date "2022.01.20"]
[Round "7.21"]
[White "Hollan, Martin"]
[Black "Jasny, Stanislav"]
[Result "1-0"]
[WhiteElo "2361"]
[BlackElo "2298"]
[Annotator "TA"]
[PlyCount "113"]
[EventDate "2022.01.15"]
[EventType "tourn"]
[EventCountry "CZE"]
[SourceTitle "playchess.com"]
[Source "ChessBase"]
[SourceQuality "1"]

{[%evp 24,113,18,-2,-4,-22,-23,-17,-11,-13,-11,-16,26,18,18,12,14,-11,-15,-28,-28,-28,-17,-33,0,0,0,-7,-7,-10,0,0,0,0,0,0,0,0,0,0,0,0,0,0,0,2,15,5,10,0,60,50,61,53,96,97,175,164,174,150,157,160,162,120,287,277,255,241,345,415,400,390,351,393,363,311,892,823,1227,2026,29940,12850,29949,29941,29943,9031,29981,29982,29981,29976,29982,29981]} 1. e4 c5 2. Nf3 e6 3. Be2 Nc6 4. Nc3 a6 5. d4 cxd4 6. Nxd4 Qc7 7. Be3 Nf6 8. O-O Be7 9. f4 d6 10. Kh1 O-O 11. Qe1 Nxd4 12. Bxd4 b5 13. a3 Nd7 {B85: Sicilian Scheveningen: 6 Be2 a6, lines with early Be3.} 14. Bd3 Bb7 15. Qg3 {[%csl Gd4][%cal Rg3g7]} Bf6 {The position is equal.} 16. Bxf6 Nxf6 17. Rae1 Rae8 {[#]} (17... Nd7 $142) 18. e5 $146 ({Predecessor:} 18. Re3 e5 19. Qh4 Qe7 20. Rh3 h6 21. fxe5 dxe5 22. Qg3 Kh8 23. Qe3 Nh7 24. a4 bxa4 {0-1 (43) Thorhallsson,T (2419)-Ramirez Alvarez,A (2568) Reykjavik 2018}) 18... Nh5 19. Qh3 g6 20. Be2 (20. Be4 $5 {[%cal Re5d6]}) 20... Ng7 21. exd6 Qxd6 22. Bf3 Bxf3 23. Qxf3 f5 24. Rd1 Qc7 25. Qd3 Rd8 26. Qe3 Rxd1 27. Rxd1 Rd8 28. Rxd8+ Qxd8 29. Kg1 Qd6 30. Kf1 Kf7 31. Ke1 Nh5 32. Ne2 Nf6 33. Qa7+ Kg8 34. Qd4 Qxd4 35. Nxd4 {[%mdl 4096] Endgame KN-KN} Kf7 36. Kd2 Nd5 ({Black should play} 36... Ke7 $11) 37. g3 $14 Kf6 38. Nf3 $1 h6 (38... Nb6 $14) 39. b3 $1 $16 g5 (39... Ke7 $16 {was called for.}) 40. c4 $18 bxc4 41. bxc4 Nb6 42. Ne5 gxf4 43. gxf4 Na4 {This costs Black the game.} (43... Ke7 $16 {was worth a try.}) 44. Kd3 Nc5+ 45. Kd4 Nb3+ {[#]} (45... Ne4 {is a better defense.} 46. c5 Ke7 47. Nc6+ Ke8) 46. Kc3 $1 Nc1 {[#]} 47. Kb4 $1 {Strongly threatening Ka5.} Ne2 48. Nd3 {Hoping for Ka5.} Ke7 49. Kc5 {Black must now prevent Kb6.} h5 $2 (49... Kd7 50. Kb6 Nc3) 50. Kb6 e5 51. fxe5 f4 52. c5 {[%cal Bc4c5,Bc5c6,Bc6c7][%mdl 32]} f3 53. c6 Nc3 54. Kxa6 (54. Kb7 $142 Nd5 55. c7 Nxc7 56. Kxc7 a5 57. a4 Ke6 58. Kb6 Kf5 59. Kxa5) 54... Ne4 55. c7 {White mates.} Nc5+ 56. Kb6 Nd7+ 57. Ka7 {Weighted Error Value: White=0.05 (flawless) /Black=0.58} 1-0

[Event "Marienbad IM-III 2022"]
[Site "Marianske Lazne"]
[Date "2022.01.20"]
[Round "7.22"]
[White "Pourquet, Matthieu"]
[Black "Krawczyk, Flawian"]
[Result "0-1"]
[WhiteElo "2169"]
[BlackElo "2114"]
[Annotator "TA"]
[PlyCount "80"]
[EventDate "2022.01.15"]
[EventType "tourn"]
[EventCountry "CZE"]
[SourceTitle "playchess.com"]
[Source "ChessBase"]
[SourceQuality "1"]

{[%evp 9,80,16,45,41,46,41,59,45,48,43,41,37,36,38,42,43,35,37,35,39,45,50,50,66,45,55,57,56,56,8,59,62,74,83,75,93,79,62,114,98,100,12,37,37,37,43,76,65,81,65,66,73,66,73,79,0,0,-37,-37,-38,-39,-36,-31,-31,-31,-31,-32,-36,-33,-33,-18,-20,-19]} 1. d4 Nf6 2. c4 {[%cal Bc2c4,Bc4b5][%mdl 32]} c5 3. d5 b5 4. cxb5 a6 5. bxa6 g6 6. Nc3 {A58: Benko/Volga Gambit: Lines with 5 bxa6.} Bg7 7. e4 {[%cal Oa6a7] Hoping for a7!} O-O 8. a7 {White is slightly better.} Rxa7 9. Nf3 e6 10. Be2 exd5 11. exd5 d6 12. O-O Na6 13. Nb5 Rd7 14. Bc4 Bb7 15. Bg5 Qa8 {[%cal Rf6d5]} 16. Bxf6 Bxf6 17. Qd2 Nc7 18. Nxc7 Rxc7 {[#]} 19. Qf4 $146 (19. Rac1 $14) ({Predecessor:} 19. Rad1 Ba6 20. Bxa6 Qxa6 21. b3 Ra7 22. Qf4 Bg7 23. a4 Rb7 24. Nd2 Rb4 25. Qe3 {½-½ (90) Wang,A (2392)-Sliwicka,A (2317) Chess.com INT 2020}) 19... Be7 {A strong pair of Bishops.} (19... Bg7 $11) 20. Rfd1 $14 Rb8 21. b3 Bf8 22. h4 Ba6 23. Nd2 Ra7 (23... Bxc4 $1 $14 24. Nxc4 Rd7) 24. Ne4 $16 f5 {[#]} 25. Nf6+ ({Much weaker is} 25. Nxd6 $6 Rb6 26. Nxf5 Bxc4 27. bxc4 gxf5 $11) (25. Ng5 $1 $16) 25... Kg7 26. Bxa6 {[%cal Of6h7] Threatens to win with Nxh7!} Kxf6 27. Bc4 Re8 28. a4 ({Reject} 28. Bb5 Re4 29. Qg3 Kf7 $11) 28... Re4 $1 29. Qg3 Kf7 30. Re1 {Rxe4 is the strong threat.} Rae7 31. Rxe4 Rxe4 32. a5 (32. f3 $16 Re3 33. Re1) 32... Bg7 $11 33. Rf1 Be5 34. Qf3 Qxa5 35. h5 Qc3 (35... Qd2 {looks sharper.} 36. hxg6+ Kxg6 37. g3 Qg5 38. Bd3 Rg4) 36. Qxc3 Bxc3 37. hxg6+ hxg6 38. Rc1 Bd4 39. g3 Ke7 40. Kg2 Bg7 {[%mdl 32768] Weighted Error Value: White=0.08 (flawless) /Black=0.08 (flawless) . Loss on time!?} 0-1

[Event "Marienbad IM-III 2022"]
[Site "Marianske Lazne"]
[Date "2022.01.20"]
[Round "7.23"]
[White "Mannion, Stephen R"]
[Black "Dev, Shah"]
[Result "1-0"]
[WhiteElo "2267"]
[BlackElo "2243"]
[Annotator "TA"]
[PlyCount "79"]
[EventDate "2022.01.15"]
[EventType "tourn"]
[EventCountry "CZE"]
[SourceTitle "playchess.com"]
[Source "ChessBase"]
[SourceQuality "1"]

{[%evp 21,79,5,18,0,0,0,40,40,55,44,50,0,15,16,8,8,9,-25,-7,-6,0,0,0,0,0,0,13,0,0,0,29,-31,-17,-33,177,200,345,347,340,319,352,250,253,242,625,599,1177,1140,1238,1232,1213,1140,1420,1253,1382,1178,1263,1160,1155,1083]} 1. e4 e5 2. Nf3 Nc6 3. Bb5 {[%cal Bf1b5,Bb5a4,Ba4b3][%mdl 32]} a6 4. Ba4 Nf6 5. O-O b5 6. Bb3 Bc5 7. c3 d6 8. d4 Bb6 9. Be3 O-O 10. Nbd2 h6 11. h3 Re8 12. Bc2 {C78: Ruy Lopez: Archangelsk and Möller Defences.} exd4 13. cxd4 Nb4 14. Bb1 $1 {White is slightly better.} c5 15. d5 $1 a5 {[#]} 16. Re1 $146 (16. a3 $5 {[%cal Ra3b4]} Na6 17. b3 $14) ({Predecessor:} 16. a3 Na6 17. a4 Bd7 18. axb5 Bxb5 19. Re1 Nb4 20. Ra3 Ra7 21. Nh2 c4 22. Nhf1 Bxe3 23. Raxe3 {1-0 (51) Milliet,S (2390)-Maurizzi,M (2489) Chartres 2021}) 16... a4 17. a3 Na6 18. Bc2 $1 Ra7 19. Rc1 Rae7 20. Bb1 c4 21. Bxb6 Qxb6 22. Rc3 Nc5 {[%cal Rc5e4]} 23. Rce3 Ba6 24. Nh4 g6 {Prevents Nf5.} 25. Qf3 Ncd7 26. Qg3 (26. Nf1 $11) 26... Nh5 $15 27. Qh2 Ndf6 $2 {Black cannot hold the game after this.} (27... Bc8 $15 {keeps the upper hand.}) 28. g4 $18 Ng7 (28... Nxd5 $142 29. exd5 Rxe3 30. fxe3 Rxe3 31. Rxe3 Qxe3+ 32. Qf2 Qxf2+ 33. Kxf2 Nf6) 29. Qf4 $1 {[%csl LRf6,LRh6]} Nh7 {[#] aiming for ...g5.} 30. Qxh6 Qd4 31. Rc3 Qf6 32. Nhf3 Rb7 $2 (32... Bb7 33. Rd1 Rd7) 33. e5 {White is clearly winning.} dxe5 34. Ne4 Qf4 35. Nfg5 Nxg5 36. Nxg5 {[#] White threatens Qh7+ and mate.} ({Weaker is} 36. Qxg5 Qxg5 37. Nxg5 Rb6 $14) 36... e4 37. d6 {Qh7+ would kill now.} Qxd6 38. Qh7+ Kf8 39. Qh8+ Ke7 40. Qxg7 {Weighted Error Value: White=0.13 (very precise) /Black=0.49} 1-0

[Event "Marienbad IM-III 2022"]
[Site "Marianske Lazne"]
[Date "2022.01.20"]
[Round "7.24"]
[White "Bubalovic, Davorin"]
[Black "Mica, Marek"]
[Result "1-0"]
[WhiteElo "2220"]
[BlackElo "2303"]
[Annotator "TA"]
[PlyCount "117"]
[EventDate "2022.01.15"]
[EventType "tourn"]
[EventCountry "CZE"]
[SourceTitle "playchess.com"]
[Source "ChessBase"]
[SourceQuality "1"]

{[%evp 16,117,37,16,22,10,12,12,8,12,6,0,4,0,0,0,0,0,12,12,13,10,28,0,23,0,0,0,0,0,0,0,0,0,0,0,0,0,0,0,0,0,0,0,0,0,0,-127,0,0,0,0,39,48,46,45,37,21,95,80,119,46,119,0,241,247,392,390,807,783,764,637,936,894,29972,12155,29976,29977,29977,29978,29984,29985,29986,29987,29985,29986,29988,29988,29988,29989,29989,29990,29991,29992,29993,29992,29992,29993,29994,29993,29994,29995,29995,29996]} 1. e4 c6 2. d4 d5 3. Nc3 {[%cal Bb1c3,Bc3e4,Be4g3][%mdl 32]} dxe4 4. Nxe4 Bf5 5. Ng3 Bg6 6. Nf3 Nd7 7. Bd3 Ngf6 8. O-O e6 9. b3 Qc7 {B18: Classical Caro-Kann: 4...Bf5 sidelines.} 10. Bb2 Bd6 11. c4 O-O {The position is equal.} 12. Bxg6 hxg6 13. Qe2 Rfe8 14. Ne5 Rad8 {[#]} 15. c5 $146 ({Predecessor:} 15. Rad1 c5 16. Nxd7 Nxd7 17. dxc5 Nxc5 18. Rfe1 Rd7 19. Rd2 Red8 20. Red1 Bf4 21. Rxd7 Rxd7 22. Qf3 Bxg3 23. hxg3 Qd8 {½-½ (23) Bures,J (2413)-Windebank,G (2257) ICCF email 2004}) 15... Be7 16. Rac1 Nf8 17. Qf3 N8d7 18. Rfe1 Rf8 19. a3 (19. Nd3 {feels hotter.} Nd5 20. Ne4 Ra8 21. h3 Rad8 22. Rc2) 19... Nh7 20. Qe3 (20. Nc4 {is more complex.} Nhf6 21. b4 Nd5 22. Rcd1 N7f6 23. Bc1) 20... Nxe5 21. dxe5 Bg5 22. f4 Bh4 23. Red1 Bxg3 24. Qxg3 Rd5 25. Rxd5 exd5 26. e6 fxe6 27. Qxg6 Qf7 28. Qxf7+ Kxf7 $11 {[%mdl 4096] Endgame KRB-KRN} 29. g4 Nf6 30. h3 Ne4 31. Rc2 {[#] To avoid Nd2} (31. Be5 $11) 31... Rc8 ({Black should play} 31... Kg8 $1 $17 32. Be5 g5 33. fxg5 Nxg5) 32. Bd4 Kg6 33. Kg2 Rh8 (33... Rf8 $5 {[%cal Rf8f4]}) 34. b4 Rf8 35. Be5 Ra8 36. a4 a6 (36... a5 $11 {remains equal.} 37. b5 Rc8) 37. h4 $16 Kh6 38. h5 (38. Kf3 $16) 38... Kh7 (38... g5 $14) 39. Kh3 (39. a5 $16) 39... Rc8 $2 {[#] White leaves nothing to chance now.} (39... Rd8 $11) 40. g5 $1 $18 {Threatens to win with Kg4.} Rf8 (40... Rd8 {might work better.}) 41. Kg4 Rf5 $2 (41... d4) 42. Bd4 Rf8 43. Rb2 Ra8 44. h6 g6 45. b5 cxb5 46. axb5 {White mates.} a5 47. c6 b6 48. Bxb6 a4 49. Bd4 a3 50. Ra2 e5 51. Bxe5 d4 52. Bxd4 Nd6 53. b6 {[%cal Bb5b6,Bb6b7][%mdl 32]} Nf5 {[#]} 54. b7 $1 Rd8 (54... Re8 55. c7) 55. Bf2 Re8 56. c7 Ne3+ 57. Kf3 Nc4 58. c8=Q Ne5+ 59. Kg2 {Weighted Error Value: White=0.15 (very precise) /Black=0.49} 1-0

[Event "Marienbad IM-III 2022"]
[Site "Marianske Lazne"]
[Date "2022.01.20"]
[Round "7.25"]
[White "Schmider, Niklas"]
[Black "Kantorik, Marian"]
[Result "1-0"]
[WhiteElo "2330"]
[BlackElo "2209"]
[Annotator "TA"]
[PlyCount "101"]
[EventDate "2022.01.15"]
[EventType "tourn"]
[EventCountry "CZE"]
[SourceTitle "playchess.com"]
[Source "ChessBase"]
[SourceQuality "1"]

{[%evp 13,101,115,121,110,109,107,106,101,110,114,122,118,143,138,142,127,114,77,84,74,75,62,145,145,184,171,213,177,184,164,158,158,163,170,161,149,158,156,325,205,205,163,195,191,192,139,175,57,58,56,62,53,426,419,501,474,406,233,221,216,243,243,236,237,297,281,310,311,311,311,294,255,270,252,247,265,261,241,284,314,309,193,207,153,133,128,133,146,12841,12841]} 1. e4 Nc6 2. Nf3 d6 3. d4 Nf6 4. Nc3 Bg4 5. Be3 g6 6. h3 Bxf3 7. Qxf3 Bg7 8. O-O-O {B00: Queen's Fianchetto Defence, Nimzowitsch Defence.} e5 9. dxe5 Nxe5 10. Qe2 {White is better.} O-O 11. g4 {[#]} Nc6 $146 ({Predecessor:} 11... b5 12. Kb1 c6 13. f4 Nc4 14. Bc1 Qa5 15. Qe1 Rfd8 16. Bxc4 bxc4 17. Nd5 Qa4 18. Nxf6+ Bxf6 {0-1 (33) Mitic,I (1933)-Marjanovic,M (2107) Serbia 2017}) 12. h4 {[%cal Bh3h4,Bh4h5][%mdl 32]} Re8 13. f3 {[%cal Bf2f3,Bf3f4][%mdl 32]} Nd7 14. Bg5 Qc8 15. h5 h6 16. Bd2 g5 17. f4 f6 (17... Nc5 $14) 18. Qf2 $16 Nb6 {Inhibits Bc4+.} 19. Nd5 Rf8 (19... Rxe4 {was called for.} 20. Bg2 Re8) 20. Bd3 Qd7 21. Ne3 Ne7 22. Rhf1 Rae8 23. Kb1 Kh8 24. Qe2 a6 25. Qg2 Qc8 $2 (25... Na4 $16) 26. Bc1 {[%cal Oe4e5] aiming for e5!} Nd7 {[%cal Bb6d7,Bd7c5,Bc5e6,Be6f4][%mdl 32]} 27. c3 b5 28. Bc2 Nc5 29. Rde1 ({White should play} 29. Nd5 $18) 29... Ne6 30. e5 ({Better is} 30. fxg5 $18 Nxg5 31. Nd5) 30... Nxf4 $14 31. Qe4 {[%csl Gc2][%cal Re4h7]} f5 $1 32. gxf5 d5 $2 {[%mdl 8192] [#]} (32... Nxf5 $14 33. Nxf5 Rxe5) 33. Nxd5 $1 $18 {[%mdl 512]} Nexd5 (33... Qxf5 34. Qxf5) 34. Bxf4 {[%cal Of5f6] Strongly threatening f6!} Nf6 {[#]} 35. Qf3 (35. exf6 $142 $1 Rxe4 36. fxg7+ Kxg7 37. Rxe4 gxf4 38. Rg1+ (38. Rexf4 Kh8 $16) (38. Rfxf4 Re8 $14) 38... Kf7 39. Bb3+ Kf6 40. Rg6+ (40. Rxf4 Ke5 $18) 40... Kxf5 41. Bc2) 35... gxf4 36. exf6 Rxe1+ 37. Rxe1 Rxf6 38. Qxf4 Qd8 39. a3 Qd7 40. Qe4 Bf8 41. Rg1 Qe7 42. Qg4 {[%csl Gg1][%cal Rg4g8]} Bg7 43. Bb3 c5 44. Be6 Rf8 45. Qe4 a5 46. Rg6 b4 47. Qe3 $40 {[%mdl 128] White wants a kill.} Rf6 48. Rxf6 Qxf6 49. Qxc5 {Threatens to win with Qc8+. White is more active.} bxc3 50. Qc8+ Qf8 $2 {[%mdl 8192]} (50... Bf8 $16) 51. f6 $1 {Weighted Error Value: White=0.21 (precise) /Black=0.25 (precise)} 1-0

[Event "Marienbad IM-III 2022"]
[Site "Marianske Lazne"]
[Date "2022.01.21"]
[Round "8.21"]
[White "Jasny, Stanislav"]
[Black "Kantorik, Marian"]
[Result "1/2-1/2"]
[WhiteElo "2298"]
[BlackElo "2209"]
[Annotator "TA"]
[PlyCount "38"]
[EventDate "2022.01.15"]
[EventType "tourn"]
[EventCountry "CZE"]
[SourceTitle "playchess.com"]
[Source "ChessBase"]
[SourceQuality "1"]

{[%evp 12,14,3,4,24]} 1. c4 e6 2. Nf3 d5 3. d4 Nf6 4. e3 c6 5. Nc3 Nbd7 6. Qc2 Bd6 7. Bd3 dxc4 {[#] An uneventful encounter. D46: Semi-Slav: 5 e3 Nbd7 6 Bd3, Black avoids the Meran.} {Predecessor:} 8. Bxc4 $146 b5 9. Be2 O-O 10. O-O Bb7 11. e4 e5 12. dxe5 Nxe5 13. Nh4 Bc8 14. f4 Bc5+ 15. Kh1 Neg4 16. e5 Nf2+ 17. Rxf2 Bxf2 18. Nf3 Ne8 19. Bd3 g6 {½-½ (40) Korobov,A (2699)-Sanal,V (2601) Warsaw 2021} 1/2-1/2

[Event "Marienbad IM-III 2022"]
[Site "Marianske Lazne"]
[Date "2022.01.21"]
[Round "8.22"]
[White "Mica, Marek"]
[Black "Schmider, Niklas"]
[Result "1/2-1/2"]
[WhiteElo "2303"]
[BlackElo "2330"]
[Annotator "TA"]
[PlyCount "244"]
[EventDate "2022.01.15"]
[EventType "tourn"]
[EventCountry "CZE"]
[SourceTitle "playchess.com"]
[Source "ChessBase"]
[SourceQuality "1"]

{[%evp 23,244,0,0,0,0,0,0,0,0,-7,0,0,2,-4,30,-17,24,18,25,29,29,0,7,8,6,0,17,15,17,13,12,0,19,0,128,0,6,0,0,0,0,0,0,0,2,0,0,-19,-19,-87,-88,-355,-214,-243,-245,-192,-4,-3,-10,-60,-60,-68,-73,-75,-75,-89,-86,-89,-89,-95,-90,-110,-100,-106,-90,-90,-85,-147,-77,-136,-97,-135,-82,-475,-379,-362,-362,-506,-343,-524,-524,-489,-467,-901,-229,-285,-167,-29950,-29937,-29964,-29965,-29964,-29965,-29963,-1904,-5628,-1064,-1529,-1125,-737,-699,-1063,-761,-768,-342,-319,-158,-158,-82,-7304,-7286,-6031,-6104,-4610,-1901,-29973,0,-728,-558,-406,-127,-81,-67,-66,-22,-22,-8,-66,-8,-58,-8,-8,-8,-8,-9,-10,-8,-20,-15,-37,-37,-44,-37,-37,-37,-117,-12,-20,-22,-27,-25,-120,-120,-586,-570,-531,-564,-382,-362,-581,-570,-563,-101,-85,0,-457,-44,-44,-44,-44,0,-37,0,-466,-37,-37,-37,-27,-8,-8,0,-37,-37,-37,-37,-14,-8,-8,-8,-9,-20,-28,-28,-8,8,-28,-8,-5035,0,0,0,0,0,0,0,0,0,0,0,0,0,0,0]} 1. Nf3 c5 2. c4 Nf6 3. Nc3 d5 4. cxd5 Nxd5 5. g3 Nc6 6. Bg2 Nc7 7. O-O e5 {[%cal Be7e5,Be5f4][%mdl 32]} 8. d3 Be7 9. Nd2 Bd7 10. Nc4 f6 11. f4 b5 12. Ne3 exf4 13. Nf5 {A34: Symmetrical English: 2 Nc3, lines with ...d5.} b4 14. Nxe7 (14. Nxg7+ Kf7 15. Nh5 bxc3 $15) 14... Qxe7 15. Ne4 Ne6 16. gxf4 f5 17. Ng3 O-O 18. e4 Ned4 {[#]} 19. Re1 $146 (19. Be3 {was preferrable.}) ({Predecessor:} 19. Be3 Rad8 20. Rc1 Kh8 21. Re1 fxe4 22. Bxe4 Qh4 23. Rxc5 Bg4 24. Qc1 Nf3+ 25. Bxf3 Bxf3 26. Rxc6 Bxc6 27. Qxc6 Rxd3 {1-0 (45) Mchedlishvili,M (2625)-Gopal,G (2580) Al Ain 2014}) 19... b3 (19... fxe4 {deserves consideration.} 20. dxe4 Be6) 20. axb3 $11 fxe4 21. Bxe4 Qh4 22. Be3 Bg4 23. Qc1 Nf3+ 24. Bxf3 Bxf3 25. Qc4+ Kh8 {[%cal Oc6d4]} 26. Rf1 Qg4 27. Qxc5 Rad8 $1 28. Ra6 {Threatens to win with f5.} Rf6 (28... Rfe8 $11) 29. Qg5 (29. Ra4 $1 $16 {aiming for f5.} Bd5 30. f5) 29... Rxd3 {And now ...Qc8 would win.} 30. Qxg4 {Really sharp!} Bxg4 31. Bxa7 Nxa7 32. Rxa7 {Ra8+ would kill now.} h6 33. f5 Bh3 34. Re1 Bxf5 35. Re8+ Kh7 {[%mdl 1024] Black has compensation.} 36. Nh5 (36. Nxf5 $11 {keeps the balance.} Rxf5 37. Re2) 36... Rg6+ $17 37. Kf2 $2 {[%mdl 8192]} (37. Ng3 $17 {was the only chance.}) 37... Bg4 ({And not} 37... Rxb3 38. Ree7 Rxb2+ 39. Ke3 $11) 38. Raa8 {[%csl Ga8][%cal Re8h8]} Rf3+ $1 39. Ke1 {[%csl Ga8][%cal Re8h8]} Re6+ $2 (39... Rc6 $1 $19 40. Ng3 Rc2) 40. Rxe6 $11 Bxe6 {[%cal Bg4e6,Be6f7,Bf7g6][%mdl 4128] Endgame KRB-KRN} 41. Ng3 (41. Rb8 $11) 41... Rxb3 $15 (41... Bxb3 42. Ra3 g5 43. Nf1 $11) 42. Ra6 Bf7 43. Ra7 Bg6 44. Re7 Rxb2 45. Re2 Rb4 46. Kf2 h5 {[%cal Bh6h5,Bh5h4][%mdl 32]} 47. Rd2 h4 48. Ne2 Bh5 49. h3 Re4 50. Ng1 (50. Nd4 $142) 50... Ra4 (50... Rf4+ $142 $1 51. Kg2 g5) 51. Kg2 ({Better is} 51. Rd3) 51... Ra3 52. Rb2 Be8 (52... Ra6 $142 53. Ne2 Rd6) 53. Kh2 $2 {[%mdl 8192]} (53. Rc2 $17) 53... Bd7 54. Rd2 Bf5 55. Rb2 Kh6 56. Rf2 (56. Kg2 $142) 56... Be4 $19 {White must now prevent ...Kg5.} 57. Re2 Ba8 58. Rb2 (58. Re6+ $142 Kg5 59. Re1) 58... Kg6 $2 (58... Kg5 59. Rc2 Be4) 59. Rf2 Kg5 (59... Kh5 $142 60. Rd2 g5) 60. Re2 $2 (60. Ne2 $19) 60... Kf4 61. Rf2+ Ke5 62. Re2+ Be4 63. Rb2 Rg3 (63... Ra1 $142 64. Rd2 Rf1 65. Rb2 Kd5 66. Rd2+ Kc4 67. Ra2 Kc3 68. Re2 Bd5 69. Re3+ Kd2 70. Re2+ Kd3 71. Rb2 g5 72. Nf3 Rxf3 73. Rb1 Be4 74. Ra1 Ke3 75. Re1+ Kf4 76. Rc1 Rf2+ 77. Kg1 Rg2+ 78. Kf1 Rg3 79. Ke2 Rxh3 80. Rc7 Rh2+ 81. Kd1 h3 82. Rf7+ Ke3 83. Kc1 Rc2+ 84. Kb1 h2 85. Rf1 Rf2+ 86. Kc1 Rxf1+ 87. Kb2 Rb1+ 88. Ka2 h1=Q 89. Ka3 Qd1 90. Ka2 Qb3#) 64. Ra2 Kd5 (64... Rd3 $142 65. Re2 Kd4) 65. Ra5+ Kc6 66. Ra2 {Inhibits Rg2+.} Kc5 67. Rb2 Kc4 68. Ra2 Kb3 (68... g5 $142 69. Ra4+ Kd5) 69. Re2 Bc6 (69... Ba8 $19 {...Rd3 is the strong threat.} 70. Rf2 Rd3) 70. Rf2 $17 Rd3 (70... Kc4 $142 {Strongly threatening ...g5.} 71. Ne2 Re3) 71. Re2 $2 {[%mdl 8192]} (71. Ne2 $17 Rd1 72. Ng1) 71... g5 $19 72. Rf2 Bd5 73. Ne2 Rd1 {[%csl Gd5][%cal Rd1h1]} 74. Ng1 Rd3 (74... Kc4 $142 75. Nf3 Kd3 76. Nxh4 gxh4 77. Rf3+ Kc4 78. Rf4+ Rd4 79. Rf8 Rd2+ 80. Kg1 Kd4 81. Rc8 Rg2+ 82. Kf1 Rh2 83. Rc7 Rxh3 84. Ra7 Rh1+ 85. Kf2 Rh2+ 86. Kf1 Ra2 87. Rxa2 Bxa2 88. Kg2 Be6 89. Kf3 h3 90. Kf2 Ke4 91. Kg3 Ke3 92. Kh4 Kf4 93. Kh5 h2 94. Kg6 h1=Q 95. Kf6 Qd5 96. Kg6 Qg5+ 97. Kh7 Ke3 98. Kh8 Qh6#) 75. Ne2 Rd2 76. Kg1 Bc4 $2 (76... Kc4 $19 {Hoping for ...Kd3.} 77. Ng3 Rd1+ 78. Nf1 Be6) 77. Nf4 $17 Rd4 ({Don't play} 77... Rxf2 $6 78. Kxf2 Bf7 79. Ne2 $11) 78. Rf3+ Kc2 (78... Kb4 $15 79. Ng2 Kc5 80. Rf5+ Rd5) 79. Ng2 Be6 80. Ne3+ (80. Re3 $11 Bf5 81. Re5 Bxh3 82. Rxg5) 80... Kd2 (80... Kc3 $15 81. Ng4+ Kd2 82. Rf2+ Kd3 83. Rf3+ Kc4) 81. Kf2 (81. Nf1+ $11 Kc2 82. Nh2) 81... Re4 (81... Kc3 $1 $15 82. Ng4+ Kc4) 82. Nf1+ $11 Kd1 83. Ne3+ Kc1 84. Nf1 Rc4 85. Ne3 {Prevents Rc2+.} Rb4 86. Kg1 Rb3 87. Kf2 Rb2+ 88. Kg1 Re2 89. Nf1 (89. Nf5 $1 $15) 89... Kd1 (89... Bd5 $1 $17 {[%cal Rd5f3]} 90. Rc3+ Kb2) 90. Rd3+ Kc2 91. Rf3 Bd7 {Black wants to play ...Bc6.} 92. Ne3+ (92. Ra3 $1 $11) 92... Kd3 $17 93. Nf1+ $2 {[%mdl 8192]} (93. Ng4+ $17 {is a better chance.} Ke4 94. Rc3) 93... Ke4 $19 94. Rb3 Bc6 95. Nh2 Kf4 $1 {( -> ...Rg2+)} 96. Ng4 $2 (96. Rb4+ {was the only defense.} Be4 97. Ng4) 96... Bf3 97. Nf2 Bd5 $2 (97... Re3 $1 $19 {[%cal Re3b3] has better winning chances.} 98. Rb5 Bc6) 98. Rd3 Bf3 $2 {[%mdl 8192]} (98... Bb7 $17 99. Rd4+ Kg3 100. Rd3+ Bf3 101. Nh1+ Kf4) 99. Rb3 $1 {[#]} Rd2 $2 (99... Re3 $1 $19 {[%cal Re3b3]} 100. Rb5 Ba8 101. Rb4+ Kf3) 100. Ra3 Rd4 101. Kh2 Rd2 102. Kg1 Re2 $2 {[%mdl 8192]} (102... Bc6 $15 103. Nd3+ Ke4 104. Nf2+ Kd4) 103. Rb3 $1 {[#]} Re1+ $2 ({Black should try} 103... Re3 $1 $19 {[%cal Re3b3]} 104. Rb5 Bc6 105. Rb4+ Kf3) 104. Kh2 $15 Rf1 105. Rb2 Ke3 {next ...Be2 is good for Black.} 106. Rb3+ $1 Kf4 107. Rb4+ Kf5 108. Rb5+ Kg6 109. Rb6+ Kf7 110. Rb2 Ke6 111. Ra2 Bd5 112. Re2+ Kf5 113. Rd2 Ke5 114. Re2+ Kd4 {With the idea ...Bc4.} 115. Rb2 $2 {[%mdl 8192]} (115. Rd2+ $11 Kc5 116. Re2) 115... Re1 $2 (115... Kc3 $19 116. Re2 Bc4) 116. Rd2+ $11 {The position is equal.} Kc4 117. Rc2+ Kb3 118. Rd2 Bc4 ({But not} 118... Kc4 $2 119. Rc2+ Kb5 120. Rd2 $19) 119. Kg2 Re3 120. Rd1 Kc2 121. Rd4 Be2 122. Ra4 Rg3+ {Weighted Error Value: White=0.67/Black=0.46} 1/2-1/2

[Event "Marienbad IM-III 2022"]
[Site "Marianske Lazne"]
[Date "2022.01.21"]
[Round "8.23"]
[White "Dev, Shah"]
[Black "Bubalovic, Davorin"]
[Result "1-0"]
[WhiteElo "2243"]
[BlackElo "2220"]
[Annotator "TA"]
[PlyCount "53"]
[EventDate "2022.01.15"]
[EventType "tourn"]
[EventCountry "CZE"]
[SourceTitle "playchess.com"]
[Source "ChessBase"]
[SourceQuality "1"]

{[%evp 18,53,37,41,52,5,30,18,36,33,36,24,31,0,0,0,0,-43,-48,-58,-50,-56,-67,-88,-70,-75,-85,-70,-64,-70,26,29,406,408,920,908,908,876]} 1. d4 Nf6 2. c4 g6 3. Nf3 Bg7 4. g3 c6 5. Bg2 O-O 6. O-O d5 7. Qb3 Qb6 8. Nc3 dxc4 9. Qxc4 Be6 10. Qa4 $1 {10.Qa4 is better than 10.Qd3.} Rd8 {D78: Fianchetto Grünfeld: 6 0-0 c6.} 11. h3 (11. e4 $14) 11... a5 {[#]} 12. Rd1 $146 ({Predecessor:} 12. Qc2 Na6 13. a3 Bb3 14. Qb1 c5 15. dxc5 Nxc5 16. Be3 Rac8 17. Rc1 Qa6 18. Nd4 {1-0 (77) Pantzar,M (2421)-Janaszak,D (2348) Chess.com INT 2020}) 12... Na6 {The position is equal.} 13. Ng5 Bd7 14. Qc4 Be8 15. e4 Qb4 16. Qe2 Rxd4 17. Rxd4 (17. e5 $1 $11 Nd5 18. Re1) 17... Qxd4 $15 18. Be3 Qd6 19. f4 {[#] Hoping for e5.} e5 20. Rd1 Qe7 21. fxe5 Qxe5 22. Bf4 Qc5+ 23. Kh2 $1 Nd7 (23... Nh5 $1 $15) 24. Nxf7 $1 $11 {aiming for Nd6.} Kxf7 {[%mdl 8192] [#]} (24... Qe7 $11 {and Black is okay.} 25. Nh6+ Bxh6 26. Bxh6 Ne5) 25. Bd6 $18 Ne5 (25... Kg8 $142) 26. Bxc5 Nxc5 27. Qf2+ {Weighted Error Value: White=0.07 (flawless) /Black=0.68} 1-0